Т. 7 : Рабочая деятельность, вопросы обитаемости и биотехнология; Проблемы космической биологии

Podrobná bibliografie
Parent link:Проблемы космической биологии/ Академия наук СССР (АН СССР). Т. 7 : Рабочая деятельность, вопросы обитаемости и биотехнология.— , 1962-
Jazyk:ruština
Vydáno: 1967
Témata:
Médium: MixedMaterials Kniha
KOHA link:https://koha.lib.tpu.ru/cgi-bin/koha/opac-detail.pl?biblionumber=288057

MARC

LEADER 00000nam2a2200000 4500
001 288057
005 20231102000041.0
035 |a (RuTPU)RU\TPU\book\312505 
090 |a 288057 
100 |a 20150321d1967 k y0rusy50 ca 
101 0 |a rus 
102 |a RU 
105 |a a z 001zy 
200 0 |a Т. 7 : Рабочая деятельность, вопросы обитаемости и биотехнология 
210 |d 1967 
215 |a 538 с.  |c ил. 
320 |a Библиогр. в конце ст. 
461 1 |0 (RuTPU)RU\TPU\book\309398  |t Проблемы космической биологии  |f Академия наук СССР (АН СССР)   |v Т. 7 : Рабочая деятельность, вопросы обитаемости и биотехнология  |d 1962-  
606 1 |a Космическая биология  |2 stltpush  |3 (RuTPU)RU\TPU\subj\15764  |9 41974 
610 1 |a биотехнологии 
610 1 |a деятельность 
610 1 |a обитание 
610 1 |a психофизиологические исследования 
610 1 |a космические корабли 
610 1 |a гигиена 
675 |a 574.68  |v 3 
801 1 |a RU  |b 63413507  |c 20150321 
801 2 |a RU  |b 63413507  |c 20150417  |g RCR 
942 |c BK